Govt. of
Madhya Pradesh

Security Sensitivity Of Punjab And Kumaon Himalaya (Record no. 15856)

MARC details
000 -LEADER
fixed length control field 005140000a22001930004500
001 - CONTROL NUMBER
control field 003963
003 - CONTROL NUMBER IDENTIFIER
control field MACL
005 - DATE AND TIME OF LATEST TRANSACTION
control field 20150728170955.0
008 - FIXED-LENGTH DATA ELEMENTS--GENERAL INFORMATION
fixed length control field 150728b xxu||||| |||| 00| 0 eng d
040 ## - CATALOGING SOURCE
Original cataloging agency MACL
Transcribing agency MACL
041 ## - LANGUAGE CODE
Language code of text/sound track or separate title English
082 ## - DEWEY DECIMAL CLASSIFICATION NUMBER
Classification number 332.632/SEN
100 ## - MAIN ENTRY--PERSONAL NAME
Personal name Senger, S.K. Singh
9 (RLIN) 2983
245 ## - TITLE STATEMENT
Title Security Sensitivity Of Punjab And Kumaon Himalaya
Statement of responsibility, etc. S.K. Singh Senger
260 ## - PUBLICATION, DISTRIBUTION, ETC. (IMPRINT)
Place of publication, distribution, etc. Delhi
Date of publication, distribution, etc. 1998
Name of publisher, distributor, etc. Darpen Publishing House,
350 ## - PRICE (NR) (BK AM CF MU VM SE) [OBSOLETE]
Price 300
650 ## - SUBJECT ADDED ENTRY--TOPICAL TERM
Topical term or geographic name as entry element Economics
9 (RLIN) 2984
942 ## - ADDED ENTRY ELEMENTS (KOHA)
Call number prefix 333
Koha item type Books
Source of classification or shelving scheme
Holdings
Withdrawn status Lost status Source of classification or shelving scheme Damaged status Not for loan Home library Current library Date acquired Cost, normal purchase price Total Checkouts Full call number Barcode Date last seen Uniform Resource Identifier Price effective from Koha item type
          MACL MACL 15/04/2015 300.00   332.632/SEN CRE013302 02/05/2024 15758 15/04/2015 Books